• 首页
  • 本馆介绍
  • 公告通知
  • 最新文献
  • 馆藏检索
  • 电子资源
  • 读者导购
  • 参考咨询
  • 我的图书馆
  • 登录
  • 详细信息显示
  • 放入我的书架
  • 预约/预借图书
  • 作者相关作品
  • 分类相关作品
  • 丛书相关作品
  • 出版社相关作品

书目信息

  • 表格格式
  • 工作单格式
  • 卡片格式
题名:
苗族史诗
    
 
作者: 马学良 , 今旦 译著
分册:  
出版信息: 北京   中国民间文艺出版社  1983.1
页数: 305页
开本: 20cm
丛书名:
单 册:
中图分类: I276.2
科图分类:
主题词: 民间文学--中国
电子资源:
ISBN:
000 00610nam0 2200217 45
001 0312221749
005 20040413110132.4
010    @dCNY0.90
091    @a10229.0059
100    @a20031222d1983 km y0chiy0120 ea
101    @achi
105    @a z 000yy
200 1  @a苗族史诗@AMiao Zu Shi Shi@f马学良,今旦译著@FMa Xue Liang,Jin Dan Yi Zhu
210    @a北京@c中国民间文艺出版社@d1983.1
215    @a305页@c单页插@d20cm
606 0  @a民间文学@x中国
690    @aI276.2@v3
701 0  @a马学良@4译著
701 0  @a今旦@4译著
801    @aCN@bTSTCL@c20031222
905    @dI276.2@e36@f3@b209519-521@b93198-199@f2
    
    苗族史诗/马学良,今旦译著.-北京:中国民间文艺出版社,1983.1
    305页:单页插;20cm
    
    
    ISBN :CNY0.90
    
●
相关链接 在E读中查询图书 在五车中查询图书 在当当中查询图书 在豆瓣中查询图书


正题名:苗族史诗     索取号:I276.2/36         预约/预借

序号 登录号 条形码 馆藏地/架位号 状态 备注
1 0093198   000037828   第二借阅区/ [索取号:I276.2/36] 在馆    
2 0093199   000037702   第二借阅区/ [索取号:I276.2/36] 在馆    
3 0209519   000037784   第二借阅区/ [索取号:I276.2/36] 在馆    
4 0209520   000037748   第二借阅区/ [索取号:I276.2/36] 在馆    
5 0209521   001589285   第一样本阅览室/ [索取号:I276.2/36] 在馆    
唐山师范学院图书馆 欢迎您!
大连网信软件有限公司© 版权所有